000 00304nam a22001337a 4500
008 170816b xxu||||| |||| 00| 0 eng d
020 _a0070305501
041 _aeng
080 _a004
100 _a35
101 _aSHK
245 _aFUNCTIONAL PROGRAM TESTING & ANALYSIS
_cHOWDEN,W.E
942 _2udc
_cBK
999 _c23671
_d23671